International Journal of Nanomedicine | Dove Medical Press

Bibliografiske detaljer
Format: Electronisk Tidsskrift
Sprog:English
Udgivet: Cambridge University Press
Online adgang:Full text available on Research4Life (HINARI,AGORA,OARE,ARDI & GOALI)
LEADER 00770cas a2200169 a 4500
001 AALejournalResearch4Life005813
008 240902c9999 xx r poo 0 0eng d
022 |a 11782013 
040 |a BD-DhAAL  |c BD-DhAAL 
245 0 0 |h [electronic resource]  |a International Journal of Nanomedicine | Dove Medical Press 
260 |b Cambridge University Press 
300 |a 1 online resource 
362 0 |a 2006 - current issue 
500 |a <strong>On-Campus Access Only (IP based access)</strong> 
506 |a Electronic access restricted to authorized BRAC University faculty, staff and students 
538 |a Mode of access: Internet 
856 4 0 |z Full text available on Research4Life (HINARI,AGORA,OARE,ARDI & GOALI)  |u https://www.dovepress.com/international-journal-of-nanomedicine-journal